1228 1343 1262 1215 1488 1782 1821 1260 1511 1852 1707 1620 1950 1196 1959 1821 1001 1710 1893 1564 1862 1643 1076 1208 1796 1472 1401 1042 1924 1314 1749 1069 1298 1012 1704 1573 1922 1248 1117 1585 1517 1416 1148 1268 1697 1955 1717 1195 1803 1207 1785 1072 1995 1704 1777 1024 1346 1211 1900 1567 1061 1042 1545 1795 1447 1854 1781 1938 1246 1887 1931 1317 1352 1771 1007 1849 1858 1848 1130 1750 1643 1809 1529 1198 1388 1799 1997 1595 1644 1601 1702 1720 1341 1963 1209 1049 1315 1276 1605 BCNSPRNW ULIB Ver.6.0+V

เปลี่ยนเป็นภาษาไทย

Change to English
 แสดงรายละเอียดบรรณานุกรม
  กลับหน้าหลัก

Brief Record : Get Marc (ISO 2709) : E-mail record : QR code < ปิดหน้าต่าง
LEADER : 00000nam 2200000uu 4500
001    13399122033
003     ULIB
008    121220s2551||||th 000 0 tha d
020    ^a9789740649700
060 04 ^aWK810^bส834ห 2551
100 0  ^aสุภัสสร(ประพิณ) วัฒนกิจ
245 10 ^aหวาน เบา สักนิดชีวิตสดใส /^cประพิณ วัฒนกิจ
250    ^aพิมพ์ครั้งที่ 4
260    ^aกรุงเทพฯ :^bฐานบัณฑิต,^c2551
300    ^a150 หน้า :^bภาพประกอบ ;^c21 ซม.
650  7 ^aเบาหวาน^xการป้องกันและควบคุม
650  7 ^aเบาหวาน^xโภชนบำบัด
650  7 ^aอาหารเพื่อสุขภาพ
700 0  ^aประพิณ วัฒนกิจ
945    ^p110^l0^i15254
995    ^aกัณชพร
999 ^a ใช้งานได้ทุกระบบ
รายการนี้ยังไม่มีแท็ก
คุณยังไม่ได้ล็อกอิน คุณสามารถมีกิจกรรมร่วมกับเว็บไซต์ได้ แต่ต้องล็อกอินก่อน ::
  ล็อกอิน

รายการสื่อสารสนเทศ

ลำดับที่ ประเภท เลขเรียก/บาร์โค้ด สถานที่ สถานะ
1. วิทยาศาสตร์การแพทย์ และสุขภาพ
วิทยาศาสตร์การแพทย์ และสุขภาพ
WK810 ส834ห 2551  
  Barcode: 15254
ห้องสมุดวิทยาเขตสวรรค์ประชารักษ์
►ส่วนจัดเก็บหนังสือเก่า สปร
บนชั้น
  ขอยืม

รายการใกล้เคียง
    ผู้แต่ง [สุภัสสร(ประพิณ) วัฒนกิจ]

    หัวเรื่อง [เบาหวาน การป้องกันและควบคุม]
    หัวเรื่อง [อาหารเพื่อสุขภาพ]

BibComment


ยังไม่เคยถูกคอมเมนท์

คอมเมนท์ทรัพยากรรายการนี้
  คอมเมนท์: หวาน เบา สักนิ..


 Copyright 2026. Bcnsprnw @Library